Research on teaching economics to undergraduates (Record no. 108458)

000 -LEADER
fixed length control field 00498pab a2200193 454500
008 - FIXED-LENGTH DATA ELEMENTS--GENERAL INFORMATION
fixed length control field 180718b2015 xxu||||| |||| 00| 0 eng d
100 ## - MAIN ENTRY--PERSONAL NAME
Personal name Allgood, Sam
245 ## - TITLE STATEMENT
Title Research on teaching economics to undergraduates
260 ## - PUBLICATION, DISTRIBUTION, ETC.
Date of publication, distribution, etc. 2015
300 ## - PHYSICAL DESCRIPTION
Extent p.285-325.
362 ## - DATES OF PUBLICATION AND/OR SEQUENTIAL DESIGNATION
Dates of publication and/or sequential designation Jun
650 ## - SUBJECT ADDED ENTRY--TOPICAL TERM
Topical term or geographic name entry element Research
650 ## - SUBJECT ADDED ENTRY--TOPICAL TERM
Topical term or geographic name entry element Teaching
650 ## - SUBJECT ADDED ENTRY--TOPICAL TERM
Topical term or geographic name entry element Economics education
700 ## - ADDED ENTRY--PERSONAL NAME
Personal name Siegfried, John J.
700 ## - ADDED ENTRY--PERSONAL NAME
Personal name Walstad, William B.
773 ## - HOST ITEM ENTRY
Main entry heading Journal of Economic Literature
909 ## -
-- 108463
Holdings
Withdrawn status Lost status Damaged status Not for loan Permanent Location Current Location Date acquired Serial Enumeration / chronology Barcode Date last seen Price effective from Koha item type
        Indian Institute of Public Administration Indian Institute of Public Administration 2018-07-19 Volume no: 58, Issue no: 2 AR108923 2018-07-19 2018-07-19 Articles

Powered by Koha